| 000 | 00880nam a2200205 i 4500 | ||
|---|---|---|---|
| 001 | 183914 | ||
| 003 | ES-MaACL | ||
| 005 | 20251013213326.0 | ||
| 008 | 141126s1867 fr |||| | fre d | ||
| 245 | 0 | 0 | _aDiner offert a M. H. Dameth ; Anniversaire séculaire de la naissance de J.-B. Say. |
| 260 |
_aParis : _bLibrairie de Guillaumin et Ce., _c1867. |
||
| 300 |
_a16 p. ; _c25 cm. |
||
| 500 | _aExtrait du Journal des Économistes (numéro d'avril 1867) | ||
| 594 | _aPrecede al tit.: Société d'Economie Politique de Lyon. Première publication faite en vertu de la décision du 1er. mars 1867. Reunion extraordinaire du 1er. mars 1867. | ||
| 700 | 0 |
_aDameth, H. _942566 |
|
| 700 | 1 |
_aSay, Jean Baptiste, _d1767-1832 _9132518 |
|
| 710 | 2 |
_aSociété d'Économie Politique de Lyon. _9155963 |
|
| 852 |
_aES-MaACL _jT-1277-F-1 _z.- Donat. Boch |
||
| 999 |
_c183914 _d183914 |
||